00461 2200181 4500245004800000020002200048250001100070100002100081700000900102700002100111650001700132005001900149260004100168041001400209084001300223300003400236336000900270 aAnimal Sense Vol. 3cMaekawa, TakhesihText a978-979-27-3575-8 aCet. 1 aMaekawa, Takhesi aSari aYenny Hendrawati aKomik Jepang a20230908091801 aJakartabElex Media Komputindoc2008 aIndonesia a741.5592 a... jil. :bilus. ;c17,5 cm. atext